|
|
|
|
| LEADER |
01231nam a2200385 a 4500 |
| 001 |
000712422 |
| 003 |
CZ BrMZK |
| 005 |
20120611141018.0 |
| 007 |
ta |
| 008 |
040422s2004 xr a e f 000 0 cze d |
| 015 |
|
|
|a cnb001313393
|
| 020 |
|
|
|a 80-7033-815-6
|q (brož.)
|
| 035 |
|
|
|a (OCoLC)85103553
|
| 040 |
|
|
|a BOA001
|b cze
|
| 072 |
|
7 |
|a 796
|x Sport. Hry. Tělesná cvičení
|2 Konspekt
|9 20
|
| 080 |
|
|
|a 796.015.8
|2 MRF
|
| 080 |
|
|
|a 796.433
|2 MRF
|
| 080 |
|
|
|a 796.015
|2 MRF
|
| 080 |
|
|
|a (035)
|2 MRF
|
| 100 |
1 |
|
|a Šimon, Jiří,
|d 1936-2008
|7 jn20000402825
|4 aut
|
| 245 |
1 |
0 |
|a Atletické vrhy a hody /
|c Jiří Šimon a kolektiv autorů
|
| 250 |
|
|
|a 1. vyd.
|
| 260 |
|
|
|a Praha :
|b Olympia,
|c 2004
|
| 300 |
|
|
|a 234 s. :
|b il. ;
|c 22 cm
|
| 490 |
1 |
|
|a Atletika
|
| 504 |
|
|
|a Obsahuje bibliografii
|
| 650 |
0 |
7 |
|a hody (atletika)
|7 ph120779
|2 czenas
|
| 650 |
0 |
7 |
|a vrhy (atletika)
|7 ph127250
|2 czenas
|
| 650 |
0 |
7 |
|a sportovní trénink
|7 ph125957
|2 czenas
|
| 650 |
0 |
7 |
|a sportovní výkony
|7 ph125959
|2 czenas
|
| 655 |
|
7 |
|a příručky
|7 fd133209
|2 czenas
|
| 830 |
|
0 |
|a Atletika
|0 s
|
| 910 |
|
|
|a BOA001
|b 2-1134.339
|
| 990 |
|
|
|a BK
|
| 996 |
6 |
|
|b 2610218378
|c 2-1134.339
|l MZK
|r Sklad / do 1 hodiny
|n 2
|p p.v.
|w 000712422
|u 000010
|a 1
|e BOA001
|j MZK50
|s P
|